[Event "US Open - Denker HS"]
[Site "Vancouver, WA"]
[Date "2012.08.04"]
[Round "1"]
[White "Christianson, Michael  (GA)"]
[Black "Shetty, Atulya (MI)"]
[Result "0-1"]
[WhiteElo "2020"]
[BlackElo "2400"]
[PlyCount "86"]

1.d4 Nf6 2.c4 e6 3.Nf3 Bb4+ 4.Nbd2 b6 5.g3 Bb7 6.Bg2 O-O 7.O-O
Re8 8.a3 Bf8 9.b4 a5 10.b5 d5 11.Bb2 c6 12.Ne5 cxb5 13.cxb5 Nbd7
14.Nc6 Bxc6 15.bxc6 Nb8 16.Rc1 Re7 17.Nf3 Ne4 18.Ne5 Nd6 19.Qb3
b5 20.f4 a4 21.Qa2 Nc4 22.Nxc4 bxc4 23.Rxc4 dxc4 24.c7 Rxc7 25.Bxa8
c3 26.Bc1 Qxd4+ 27.e3 Qb6 28.Be4 Nd7 29.f5 Nc5 30.Bb1 Nb3 31.Qc2
exf5 32.Rxf5 g6 33.Rd5 Na1 34.Qe4 c2 35.Ba2 Nb3 36.Bxb3 axb3
37.Qe5 b2 38.Bxb2 Qxb2 39.Qxb2 c1Q+ 40.Qxc1 Rxc1+ 41.Kg2 Ra1
42.Kf3 Rxa3 43.Kf4 Bh6+ 0-1

[Event "US Open"]
[Site "Vancouver, WA"]
[Date "2012.08.04"]
[Round "1"]
[White "Davis, Frederick (WA)"]
[Black "Herrera, Robert (OR)"]
[Result "1/2-1/2"]
[WhiteElo "1632"]
[BlackElo "2044"]
[PlyCount "120"]

1.e4 c5 2.Nf3 e6 3.d4 cxd4 4.Nxd4 Nc6 5.Nc3 a6 6.Be3 Nf6 7.Be2
d6 8.O-O Be7 9.f4 O-O 10.Qe1 Nxd4 11.Bxd4 b5 12.Qg3 Bb7 13.Bf3
{%08DA} b4 14.Nd1 g6 15.Qe1 a5 16.c3 Qc7 17.cxb4 axb4 18.Bxf6
Qb6+ 19.Kh1 Bxf6 20.e5 dxe5 21.Bxb7 Qxb7 22.fxe5 Bg7 23.Rf4 Rfb8
24.Nf2 h5 25.Nd3 b3 26.axb3 Rxa1 27.Qxa1 Qxb3 28.Qf1 Rd8 29.Rf3
Bxe5 30.Nf2 Qxb2 31.Rxf7 Qa1 32.Qxa1 Bxa1 33.Rb7 Rd2 34.Rb1 Rxf2
35.Rxa1 Kf7 36.Kg1 Rf5 37.h3 h4 38.Ra4 g5 39.Rg4 Kf6 40.g3 hxg3
41.Rxg3 Ke5 42.Rg4 Kf6 43.h4 Kg6 44.Kg2 Kh5 45.Rxg5+ Rxg5+ 46.hxg5
Kxg5 47.Kg3 Kf5 48.Kf3 Ke5 49.Ke3 Kd5 50.Kd3 e5 51.Ke3 e4 52.Ke2
Kd4 53.Kd2 e3+ 54.Ke2 Ke4 55.Ke1 Kf5 56.Ke2 Kf4 57.Ke1 Ke5 58.Ke2
Kd4 59.Ke1 Kd3 60.Kd1 e2+ 1/2-1/2

[Event "US Open"]
[Site "Vancouver, WA"]
[Date "2012.08.04"]
[Round "1"]
[White "Davis, Joe (WA)"]
[Black "Luchan, Jason (NY)"]
[Result "0-1"]
[WhiteElo "1648"]
[BlackElo "2117"]
[PlyCount "155"]

{First round of the 2012 US Open. I played the traditional schedule. One game a
day, what a great pace. They put the pairing up about 45 minutes early, so I
looked up my opponent from New York and actually got to play some of my preparation.} 1.e4
e6 2.d4 d5 3.Nc3 Bb4 4.e5 b6 5.Qg4 Bf8 ( 5...Kf8 {?} 6.Nh3 c5
7.a3 Bxc3+ 8.bxc3 Qc7 9.Bd2 Ba6 10.Bd3 Bxd3 11.cxd3 c4 12.Nf4
Qc6 13.O-O ) 6.Bg5 Qd7 7.f4 h6 ( 7...Ba6 8.Bxa6 Nxa6 9.Qe2 Nb4
10.a3 Nc6 11.Nf3 Nge7 12.Bh4 Ng6 13.Bg3 h5 14.Qd2 h4 15.Bf2 Na5
16.O-O Nc4 17.Qc1 ) 8.Bh4 h5 9.Qd1 {?!  I didn't want to put my queen on f3 because I felt my knight should go there, but my sources say it should go on f3.}
( 9.Qf3 Be7 10.Bf2 Ba6 11.O-O-O g6 12.Nge2 c5 13.h3 h4 14.dxc5
bxc5 15.Nxd5 exd5 16.Nc3 Bb7 ) Ba6 10.Bxa6 Nxa6 11.Qe2 Nb4 12.a3
Nc6 13.Nf3 Nh6 14.O-O Nf5 15.Bf2 Be7 16.Qd2 Na5 17.Nd1 g6 18.Ne3
Nxe3 19.Qxe3 ( 19.Bxe3 Nc4 20.Qc1 Nxe3 21.Qxe3 c5 ) Nc4 20.Qc1
c5 21.b3 Na5 {I miscalculated here. I thought I could play c4, but I now see the threat of Nxb3.}
22.Qb2 Rc8 23.Rfc1 O-O 24.Be1 Nc6 25.c3 Rc7 26.b4 Rfc8 27.Bf2
cxd4 28.cxd4 b5 29.Rc3 {!  I was proud of this move because of all the tactics I had to work out.}
Nb8 ( 29...Nxe5 30.Nxe5 ) ( 29...Nxb4 30.Rxc7 Nd3 31.Rxc8+ )
( 29...Nxd4 30.Bxd4 Rxc3 31.Bxc3 ) 30.Rac1 Rc6 31.Bh4 {?} Bf8
( 31...Rxc3 32.Rxc3 Bxh4 33.Rxc8+ Qxc8 34.Nxh4 Nd7 ) 32.Bf6 {?!  this may have been a waste of time.}
Rxc3 33.Rxc3 Rc4 34.Rxc4 {?} ( 34.Nd2 Rxd4 35.f5 a5 36.fxg6 axb4
37.axb4 fxg6 38.h3 Qe8 39.Rg3 Rxb4 40.Qc2 Kh7 41.Rc3 Rc4 42.Nxc4
bxc4 43.g4 Nc6 44.gxh5 Nb4 45.hxg6+ Qxg6+ 46.Qxg6+ Kxg6 47.Kf2
Nd3+ 48.Ke2 Bb4 49.Rxd3 cxd3+ {[%eval -17, 20]} ) bxc4 35.b5
Qc7 36.Qc3 Nd7 37.Bh4 Nb6 38.Be1 Qb7 ( 38...Qe7 {!} ) 39.Qa5
Be7 40.a4 Qc7 41.Bc3 Kf8 42.Ne1 {
?!  I wasn't sure if I should be just moving my king to the center instead. The
question I felt is the black king being in the center trump my knight improved
activity. I couldn't really calculate it all the way through, but the following knight moves just felt "right."}
( 42.Kf1 Kg8 43.Ke2 Bf8 44.Bd2 Bh6 45.Kd1 Bf8 46.Bb4 c3 47.Bxf8
Qc4 48.Bh6 Qd3+ 49.Ke1 Qe3+ 50.Kd1 Qd3+ 51.Ke1 {[%eval 0,21]} )
Ke8 43.Nc2 Kd7 44.Nb4 Nc8 45.Qxc7+ ( 45.Nc6 Qxa5 46.Bxa5 a6 {but I wasn't sure I could defend the pawns in a postion like this.}
) Kxc7 46.a5 {!  I felt like I had the advantage now.} Kd7 47.Kf1
Bd8 48.Na6 {!} ( 48.Nc6 {I didn't want to allow} a6 {but computer shows me  Houdini 1.5a w32:}
49.Nb8+ Kc7 50.Nxa6+ Kb7 51.Nc5+ Ka8 52.Nd7 Na7 53.b6 Nb5 54.a6
Bxb6 55.Nxb6+ Ka7 56.Na4 Kxa6 57.Ke2 Kb7 58.g3 Kc6 59.Kd2 Na3
60.Nc5 Nb1+ 61.Kc2 Na3+ 62.Kc1 Nb5 63.Kd2 Kc7 64.Kc2 Kc6 {[%eval 171,24]}
) Ne7 49.Ke2 Nf5 50.Nb8+ Kc8 51.Nc6 Ne7 {I was down to about 8 minutes here and my opponent about 3.}
52.Nxa7+ Kb7 53.b6 Bxb6 54.Nb5 {??} ( 54.axb6 {!} Kxb6 55.Bb4 )
Bc7 {?} ( 54...Ka6 ) 55.Nd6+ ( 55.a6+ {I missed} Kxa6
( 55...Kb6 {?} 56.a7 ) 56.Nxc7+ ) Ka6 56.Nxf7 Bxa5 57.Kd2 Nf5
58.Bxa5 Kxa5 59.Kc3 Ne3 60.g3 Nf5 61.Nd8 Ng7 62.Nc6+ Kb6 63.Nb8
{?} ( 63.Ne7 {Houdini 1.5a w32:} Ne8 64.Nxg6 Nc7 65.Kb4 Nb5 66.f5
c3 67.Kb3 Nxd4+ 68.Kxc3 Nxf5 69.Nf4 Ng7 70.h3 Kc6 71.g4 hxg4
72.hxg4 Kd7 73.g5 Ke7 74.g6 Nf5 75.Kd3 Kd7 76.Ke2 Ke7 77.Kd2
Ng7 78.Kd3 Kf8 79.Kc2 {[%eval 32,21]} ) Kc7 64.Na6+ Kd7 65.Nc5+
{?} ( 65.Nb4 Nf5 66.Nc2 h4 67.gxh4 Nxh4 68.Ne1 Ke7 69.Kb4 Kf8
70.Kb5 Kg7 71.Kc5 Kf7 72.Kc6 c3 73.Kc5 Ng2 74.Nd3 c2 75.Kb4 Nxf4
76.Nc1 Ng2 77.Kc3 Ne1 78.Nb3 g5 79.h3 Nf3 80.Kxc2 Ng1 {[%eval -68,23]}
) Ke7 66.h3 Nf5 67.g4 Ne3 68.Kd2 Ng2 69.f5 exf5 70.gxf5 gxf5
71.Nb7 Nf4 72.Nd6 Nxh3 73.Nxf5+ Kd7 74.Ng3 {?} ( 74.e6+ Kxe6
75.Ng7+ Kf6 76.Nxh5+ Kg5 ) Nf4 75.Nf1 h4 76.Nh2 h3 77.Ke3 c3
78.Kxf4 {I lost on time. Tough loss, but with one game a day I didn't have to turn
around and play the next round. We were the last game to finish. The lesson
from this game I think is I need to work tactics and some endgame concepts. I
was pretty happy with my positional play in the game. It's taken a long time to feel comfortable in these closed positions.}
 0-1

[Event "US Open"]
[Site "Vancouver, WA"]
[Date "2012.08.04"]
[Round "1"]
[White "Goshen, Mat (WA)"]
[Black "Baker, Ted (WA)"]
[Result "1-0"]
[WhiteElo "2013"]
[BlackElo "1564"]
[PlyCount "41"]

1.e4 c5 2.Nf3 d6 3.d4 cxd4 4.Nxd4 Nf6 5.Nc3 a6 6.Bg5 e6 7.f4
Be7 8.Qf3 e5 9.Nf5 Bxf5 10.exf5 Nc6 11.O-O-O Nd4 12.Qh3
( 12.Qd3 Rc8 13.Bxf6 Bxf6 14.Qe4 O-O 15.fxe5 dxe5 16.h4 Qa5 17.g4
Rfd8 18.Rh3 Bxh4 19.Rxh4 Rxc3 20.Bd3 Rc6 21.Kb1 Qc5 22.f6 g6
23.Rdh1 Rxf6 24.Rxh7 Kf8 25.Rh8+ Ke7 26.Rxd8 Kxd8 27.Qxb7 Re6
28.Rh8+ Re8 29.Qa8+ Kc7 30.Rxe8 Nc6 31.a3 {1-0, Pegoraro Nicola (ITA) 2051 - Frank Albert (BEL) 2023, Imperia (Italy) 1996}
) Qa5 13.Kb1 O-O 14.Bxf6 Bxf6 15.Ne4 Be7 16.Bd3 f6 17.fxe5 dxe5
18.Bc4+ Kh8 19.Rd3 Rac8 {??} 20.Qxh7+ Kxh7 21.Rh3# {%02
 (As Mat told me, after thre years away from tournament chess, what better way
to get back into it than with a queen sac for mate?)} 1-0

[Event "US Open"]
[Site "Vancouver, WA"]
[Date "2012.08.04"]
[Round "1"]
[White "Guadalupe, Francisco (TX)"]
[Black "Sloan, Kenneth (AL)"]
[Result "1-0"]
[WhiteElo "2305"]
[BlackElo "1824"]
[PlyCount "47"]

1.e4 e6 2.d4 d5 3.Nc3 Nf6 4.e5 Nfd7 5.f4 c5 6.Nf3 Qb6 7.Na4 Qa5+
8.c3 Nc6 9.Be3 cxd4 10.b4 Qc7 11.Nxd4 Nxd4 12.Bxd4 Be7 13.Bd3
O-O 14.O-O f5 15.g4 g6 16.Kh1 b6 17.Rg1 Kh8 18.gxf5 exf5 19.Qf3
Bb7 20.Qh3 Qc6 21.e6+ Nf6 22.Rxg6 Qxe6 23.Bxf5 Qf7 24.Rxf6 1-0

[Event "US Open"]
[Site "Vancouver, WA"]
[Date "2012.08.07"]
[Round "1"]
[White "He, Daniel (WA)"]
[Black "Ewing, Isaac (NM)"]
[Result "1-0"]
[WhiteElo "2030"]
[BlackElo "1537"]
[PlyCount "45"]

1.e4 c5 2.Nf3 Nc6 3.Bb5 g6 4.Bxc6 bxc6 5.O-O Bg7 6.Re1 d6 7.e5
d5 8.d3 Bg4 9.h3 Bf5 10.Nc3 Rb8 11.Na4 Qa5 12.b3 Bh6 13.Bb2 Be6
14.c4 Qb4 15.Bc3 Qa3 16.Nd2 Bxd2 17.Bxd2 Bf5 18.g4 Bxd3 19.e6
f5 20.Bc3 dxc4 21.Bxh8 Rd8 22.Qf3 Be4 23.Rxe4 1-0

[Event "US Open"]
[Site "Vancouver, WA"]
[Date "2012.08.07"]
[Round "1"]
[White "High, Walter (NC)"]
[Black "Haining, Kyle (WA)"]
[Result "0-1"]
[WhiteElo "1180"]
[BlackElo "1900"]
[PlyCount "66"]

1.e4 g6 2.d4 Bg7 3.Nf3 d6 4.Nc3 Nf6 5.Bc4 O-O 6.O-O c6 7.Re1
d5 8.Bb3 dxe4 9.Nxe4 Nbd7 10.c3 Nxe4 11.Rxe4 Nf6 12.Re1 b5 13.Qe2
e6 14.Bg5 Qb6 15.a3 Bb7 16.Ne5 Qc7 17.Nxf7 Rxf7 18.Bxe6 Raf8
19.Bxf7+ Rxf7 20.Bxf6 Bxf6 21.Qe8+ Kg7 22.Qe3 Bc8 23.Re2 Bf5
24.Rae1 Qd6 25.Qe8 c5 26.Qxb5 cxd4 27.cxd4 Qxd4 28.Re8 Bd7 29.R8e4
Bxb5 30.Rxd4 Bxd4 31.Kh1 Rxf2 32.Rd1 Bc6 33.Rxd4 Rf1# 0-1

[Event "US Open"]
[Site "Vancouver, WA"]
[Date "2012.08.04"]
[Round "1"]
[White "Ho, Daniel (WA)"]
[Black "Miller, Russell (WA)"]
[Result "1-0"]
[WhiteElo "1980"]
[BlackElo "1500"]
[PlyCount "25"]

1.e4 c5 2.Nf3 d6 3.d4 cxd4 4.Nxd4 a6 5.Nc3 Nf6 6.Bg5 e6 7.f4
Be7 8.Qf3 Nbd7 9.O-O-O Qa5 10.g4 h6 11.Bh4 {%08DA} Rb8 12.Rg1
b5 {?} 13.Nc6 1-0

[Event "US Open"]
[Site "Vancouver, WA"]
[Date "2012.08.07"]
[Round "1"]
[White "Jensen, David (WA)"]
[Black "Wyatt, Geoffrey (OR)"]
[Result "0-1"]
[WhiteElo "518"]
[BlackElo "1826"]
[PlyCount "52"]

1.d4 d5 2.c4 e6 3.Nf3 Nf6 4.Bf4 Be7 5.Nc3 O-O 6.cxd5 Nxd5 7.Nxd5
Qxd5 8.a3 Bd6 9.Bd2 Nd7 10.e3 e5 11.Rc1 e4 12.Ng1 Nf6 13.Bc4
Qg5 14.g3 Bg4 15.Ne2 Bf3 16.Rg1 Qf5 17.Qb3 Ng4 18.h4 Bxe2 19.Rg2
Bxc4 20.Rxc4 Qf3 21.Kf1 Bxg3 22.Be1 Bd6 23.d5 f5 24.Qc3 Be5 25.Qb3
Kh8 26.Kg1 f4 0-1

[Event "US Open"]
[Site "Vancouver, WA"]
[Date "2012.08.07"]
[Round "1"]
[White "Jewell, Nathan (OR)"]
[Black "Edwards, Gary (WA)"]
[Result "1/2-1/2"]
[WhiteElo "1291"]
[BlackElo "1913"]
[PlyCount "64"]

1.e4 c5 2.c3 d5 3.exd5 Qxd5 4.d4 e6 5.Nf3 Nf6 6.Be3 Qd8 {%08DA}
7.Be2 cxd4 8.Bxd4 Be7 9.O-O O-O 10.Qd3 Nc6 11.Rd1 Nxd4 12.cxd4
b6 13.Nc3 Bb7 14.Rac1 Nd5 15.Nxd5 Bxd5 16.Ne5 Bd6 17.Bf3 Bxf3
18.Qxf3 Rc8 19.Rxc8 Qxc8 20.Nc6 Qa6 21.d5 Qxa2 22.dxe6 Qxe6 23.Nxa7
Re8 24.Kf1 Bb4 25.g4 h6 26.Nc6 Bd6 27.h3 Bc5 28.Nd8 Qe7 29.Nc6
Qc7 30.Kg2 Rc8 31.Nd4 Bxd4 32.Rxd4 Rd8 1/2-1/2

[Event "US Open"]
[Site "Vancouver, WA"]
[Date "2012.08.04"]
[Round "1"]
[White "Ji, Yu  (CAN)"]
[Black "Brownscombe, Tom (NV)"]
[Result "1/2-1/2"]
[WhiteElo "2023"]
[BlackElo "2212"]
[PlyCount "97"]

1.Nf3 Nf6 2.c4 g6 3.Nc3 Bg7 4.e4 d6 5.d4 O-O 6.Be2 e5 7.O-O Nc6
8.d5 Ne7 9.b4 a5 10.Ba3 axb4 11.Bxb4 Nd7 12.a4 f5 13.Ng5 Nc5
14.Bf3 h6 15.Bxc5 dxc5 16.Ne6 Bxe6 17.dxe6 c6 18.Qb3 Qc8 19.Rfd1
Qxe6 20.Qxb7 Rab8 21.Qd7 Qxd7 22.Rxd7 Bf6 23.a5 Rb3 24.Na4 Rb4
25.Nxc5 Rxc4 26.Ne6 Ra8 27.Rd8+ Rxd8 28.Nxd8 Nc8 29.Nb7 Na7 30.a6
Be7 31.exf5 gxf5 32.Na5 Rc3 33.Nxc6 Nxc6 34.Bxc6 Bc5 35.Bb5 Ba7
36.Rd1 Rc7 37.g3 Kg7 38.Kg2 Bd4 39.Rd2 Kf6 40.f4 Rc1 41.Ba4 Ra1
42.Bb5 Ra5 43.Bc4 Ra4 44.Bb5 Ra5 45.Be2 Ra1 46.fxe5+ Kxe5 47.Bd3
Ra5 48.Kf3 Ra3 49.Kg2 1/2-1/2

[Event "US Open"]
[Site "Vancouver, WA"]
[Date "2012.08.07"]
[Round "1"]
[White "Karr, Bill (WA)"]
[Black "Mulyar, Michael (CO)"]
[Result "0-1"]
[WhiteElo "1840"]
[BlackElo "2456"]
[PlyCount "86"]

1.e4 e5 2.Nf3 Nc6 3.Bb5 a6 4.Ba4 Nf6 5.d3 b5 6.Bb3 Bc5 7.O-O
d6 8.c3 h6 9.Nbd2 O-O 10.h3 Re8 11.Re1 Be6 12.Bc2 d5 13.exd5
Bxd5 14.Nf1 Qd7 15.Ne3 Be6 16.Kh2 Rad8 17.Qe2 Nd5 18.Nxd5 Bxd5
19.Rd1 Qd6 20.Kg1 Qf6 21.Nh2 Qg6 22.Qg4 Qxg4 23.Nxg4 f5 24.Ne3
Be6 25.Bd2 f4 26.Ng4 h5 27.Nh2 Bf5 28.Be1 g5 29.b4 Bb6 30.a4
g4 31.hxg4 hxg4 32.Kf1 Rd6 33.f3 g3 34.Ng4 Rg6 35.axb5 axb5 36.Bb3+
Kg7 37.Bd5 Rh8 38.Bxc6 Rxc6 39.Rd2 Rxc3 40.Nxe5 Bd4 41.Ng4 Rc6
42.Rdd1 Re6 43.Nf2 gxf2 0-1

[Event "US Open"]
[Site "Vancouver, WA"]
[Date "2012.08.04"]
[Round "1"]
[White "Kaufman, Raymond (CA)"]
[Black "Coste, Samuel (OR)"]
[Result "1-0"]
[WhiteElo "2420"]
[BlackElo "1835"]
[PlyCount "97"]

1.c4 e5 2.g3 c6 3.d4 Bb4+ 4.Bd2 Bxd2+ 5.Qxd2 exd4 6.Qxd4 Qf6
7.Qd2 d5 8.cxd5 cxd5 9.Nc3 Ne7 10.Bg2 Be6 11.Nb5 Na6 12.Nf3 O-O
13.Rc1 Rfc8 14.Rxc8+ Rxc8 15.Nxa7 Rc5 16.a4 Bd7 17.Nb5 Bxb5 18.axb5
Rxb5 19.Nd4 Rb4 20.e3 Nc6 21.O-O Nxd4 22.exd4 Qxd4 23.Re1 h6
24.Qc2 g6 25.Rd1 Qc4 26.Qd2 d4 27.Rc1 Qe6 28.Qxh6 Rc4 29.Ra1
Rb4 30.Rc1 Rc4 31.Ra1 Rb4 32.Qd2 Qb6 33.Ra2 Rb5 34.h4 Rb4 35.Bd5
Rb5 36.Bc4 Re5 37.Ra4 Qc6 38.Qxd4 Re1+ 39.Bf1 Qc1 40.Qc4 Qxb2
41.Kg2 Rc1 42.Qf4 Rc6 43.Rd4 Kg7 44.h5 Qb6 45.h6+ Kf8 46.h7 Kg7
47.Qh6+ Kxh6 48.h8Q+ Kg5 49.Rd5+ 1-0

[Event "US Open"]
[Site "Vancouver, WA"]
[Date "2012.08.07"]
[Round "1"]
[White "Lampman, Becca (WA)"]
[Black "Yu, Robin (CAN)"]
[Result "1-0"]
[WhiteElo "1911"]
[BlackElo "1293"]
[PlyCount "75"]

1.d4 Nf6 2.c4 e6 3.Nc3 c5 4.d5 exd5 5.cxd5 d6 6.e4 g6 7.Nf3 Bg7
8.Be2 O-O 9.O-O Re8 10.Qc2 Na6 11.Re1 Nc7 12.a4 b6 13.Bf4
( 13.Bf4 Nh5 14.Bg5 Bf6 15.Be3 a6 16.Nd2 Ng7 17.Nc4 Rb8 18.Bf4
Be5 19.Nxe5 dxe5 20.Be3 f5 21.f3 a5 22.Red1 Qd6 23.Nb1 f4 24.Bd2
Bb7 25.Na3 Bxd5 26.exd5 Nf5 27.Nc4 Qf6 28.Qe4 Nd4 29.Bc3 Kf8
30.Bf1 Rbd8 31.d6 Nce6 32.Qxe5 Qxe5 33.Nxe5 Rxd6 34.Nc4 Rd7 35.Nxb6
Rb7 36.Nc4 {1-0, Eperjesi Laszlo Dr (HUN) 2268 - Astolfi Frederic (FRA) 2212, Cannes (France) 1989}
) Ng4 14.Rad1 f6 15.Nd2 Ne5 16.Bg3 a6 17.Nc4 Rb8 18.f4 Nxc4 19.Bxc4
b5 20.axb5 axb5 21.Bf1 b4 22.Nb1 b3 23.Qd2 Na6 24.Na3 Nb4 25.Bc4
Ba6 26.e5 Bxc4 27.Nxc4 Nc2 28.Nxd6 Nxe1 29.Nxe8 Qxe8 30.Rxe1
fxe5 31.fxe5 Rb4 32.Qc3 Qb5 33.Rc1 Rd4 34.Qf3 c4 35.e6 Rxd5 36.Qf7+
Kh8 37.e7 Bd4+ 38.Kh1 1-0

[Event "US Open"]
[Site "Vancouver, WA"]
[Date "2012.08.07"]
[Round "1"]
[White "Midson, Tony (OR)"]
[Black "He, Samuel (WA)"]
[Result "1/2-1/2"]
[WhiteElo "1459"]
[BlackElo "1983"]
[PlyCount "71"]

1.b3 Nf6 2.Bb2 d5 3.e3 g6 4.Be2 Bg7 5.Nf3 O-O 6.c4 b6 {%08DA}
7.Nc3 Bb7 8.O-O e6 9.Ne5 c5 10.d4 Qe7 11.a4 Rd8 12.Qc2 Nfd7 13.f4
Nxe5 14.fxe5 Nc6 15.Na2 Bh6 16.Qd3 dxc4 17.bxc4 Nxe5 18.Qc3 Qg5
19.Rf2 Nd7 20.d5 e5 21.e4 Qh4 22.Qf3 Qe7 23.Qh3 Bg7 24.Bc1 Bc8
25.Bg4 Nf8 26.Bxc8 Raxc8 27.Qg3 h6 28.Qh3 Kh7 29.Nc3 Rb8 30.Bd2
Nd7 31.Raf1 f6 32.Nb5 a6 33.Na7 Qd6 34.Nc6 Rf8 35.Nxb8 Rxb8 36.Rb1 1/2-1/2

[Event "US Open"]
[Site "Vancouver, WA"]
[Date "2012.08.04"]
[Round "1"]
[White "Morris, Michael (OR)"]
[Black "Georgeades, Terry (OR)"]
[Result "1-0"]
[WhiteElo "2044"]
[BlackElo "1607"]
[PlyCount "37"]

1.e4 c5 2.Nf3 d6 3.d4 cxd4 4.Nxd4 Nf6 5.Nc3 a6 6.Bc4 e6 7.Bb3
Nc6 8.Be3 Be7 9.f4 Nxd4 10.Bxd4 b5 11.e5 dxe5 12.fxe5 Nd5 13.Ne4
( 13.Qf3 Bb7 14.Nxd5 Bxd5 15.Bxd5 Qxd5 16.Qxd5 exd5 17.O-O-O
Kd7 18.Rd3 Ke6 19.Rg3 Rhg8 20.Rf1 Rac8 21.Rf4 g5 22.Rf1 g4 23.Kd2
h5 24.Kd3 Rg5 25.Re3 Rf5 26.Rxf5 Kxf5 27.Re1 Ke6 28.c3 Bg5 29.Rf1
a5 30.b3 Ra8 31.Be3 Be7 32.Bd4 a4 33.bxa4 Rxa4 34.Rf2 Bg5 35.h3
g3 36.Rb2 Bf4 37.Rxb5 Rxa2 38.Rb6+ Ke7 39.Bc5+ Ke8 40.Be3 Bxe5
41.Bd2 f6 42.Rb5 Ra1 43.Be3 Ra3 44.Rxd5 Rxc3+ 45.Ke2 Kf7 46.Rd3
Rc2+ 47.Rd2 Rc4 48.Kf3 Kg6 49.Rd8 Ra4 50.Rh8 h4 51.Rg8+ Kf5 52.Rg4
Rxg4 53.hxg4+ Kg6 54.Bd2 Bd6 55.Be3 Be5 56.Bd2 Bd6 57.Be3 Be5
{1/2-1/ 2, Potkin Vladimir (RUS) 2540 - Moreno Alejandro (CUB) 2390, Linares (Spain) 2003}
) Qa5+ 14.c3 Bb7 15.Qg4 g6 16.O-O h5 17.Qe2 Qc7 18.Nd6+ Bxd6
19.exd6 1-0

[Event "US Open"]
[Site "Vancouver, WA"]
[Date "2012.08.07"]
[Round "1"]
[White "Morrow, Hans (UT)"]
[Black "Chowdhury, Neil (WA)"]
[Result "1/2-1/2"]
[WhiteElo "1900"]
[BlackElo "1207"]
[PlyCount "93"]

1.d4 d5 2.c4 e6 3.Nc3 Nf6 4.Nf3 Be7 5.e3 Ne4 6.Bd3 Nxc3 {%08DA}
7.bxc3 O-O 8.O-O c5 9.a4 Nc6 10.Rb1 b6 11.Qc2 g6 12.Re1 Ba6 13.cxd5
Bxd3 14.Qxd3 exd5 15.e4 cxd4 16.exd5 dxc3 17.Qb5 c2 18.Rb2 Nb4
19.Rxe7 Qxe7 20.Qxb4 Qe2 21.Rb3 Qd1+ 22.Qe1 Rfe8 23.Re3 f5 24.h3
Rxe3 25.fxe3 Qxe1+ 26.Nxe1 Rd8 27.Nxc2 Rc8 28.Nd4 Rxc1+ 29.Kf2
Rc5 30.Nc6 Kg7 31.Ne7 Kf7 32.Nc6 Rxd5 33.Nxa7 Ra5 34.Nc8 Rxa4
35.Nxb6 Ra2+ 36.Kf3 Ke6 37.g4 fxg4+ 38.hxg4 h5 39.gxh5 gxh5 40.e4
Ra1 41.Nd5 Ke5 42.Kg3 Kxe4 43.Nf6+ Ke3 44.Nxh5 Rg1+ 45.Kh4 Rg6
46.Kh3 Kf3 47.Kh4 1/2-1/2

[Event "US Open"]
[Site "Vancouver, WA"]
[Date "2012.08.04"]
[Round "1"]
[White "Murray, Dillon (OR)"]
[Black "Aird, Ian (UK)"]
[Result "1-0"]
[WhiteElo "1563"]
[BlackElo "2003"]
[PlyCount "91"]

1.e4 e5 2.Nf3 Nc6 3.Bb5 a6 4.Ba4 Nf6 5.O-O Be7 6.Re1 b5 7.Bb3
d6 8.h3 Na5 9.d4 Nxb3 10.axb3 exd4 11.Nxd4 Bb7 12.Nd2 O-O 13.Nf5
{%08DA} Re8 14.Re3 Bf8 15.Qe2 g6 16.Ng3 Bg7 17.f3 h5 18.b4 h4
19.Ngf1 Nh5 20.Nb3 Nf4 21.Qf2 Qg5 22.Kh1 Be5 23.Re1 Qf6 24.Ne3
Bc8 25.Rb1 Be6 26.Na5 Nh5 27.Nf1 Ba2 28.Ra1 Bc4 29.Nxc4 bxc4
30.c3 Nf4 31.Bxf4 Bxf4 32.Ra5 Re5 33.Rea1 Rxa5 34.Rxa5 Qd8 35.Qe2
Bc1 36.Qc2 Bf4 37.Qe2 Bc1 38.Ne3 c5 39.Nd5 Qg5 40.b5 Qg3 41.bxa6
Bxb2 42.a7 Bc1 43.Kg1 Bf4 44.Nxf4 Qxf4 45.Ra1 Qg3 46.Qb2 1-0

[Event "US Open"]
[Site "Vancouver, WA"]
[Date "2012.08.04"]
[Round "1"]
[White "Norowitz, Yaacov (NJ)"]
[Black "Pendergraft, Troy (OR)"]
[Result "1-0"]
[WhiteElo "2569"]
[BlackElo "1865"]
[PlyCount "45"]

1.d4 g6 2.Nf3 Bg7 3.e3 d5 4.c4 Nf6 5.cxd5 Nxd5 6.Bc4 O-O 7.O-O
b6 8.Re1 Bb7 9.e4 Nf6 10.Nc3 e6 11.Bg5 h6 12.Bh4 Qc8 13.Rc1 Nbd7
14.e5 Nh7 15.d5 exd5 16.Nxd5 Bxd5 17.Bxd5 Rb8 18.e6 Ndf6 19.exf7+
Kh8 20.Ne5 Ng5 21.Bxg5 hxg5 22.Nxg6+ Kh7 23.Qd3 1-0

[Event "US Open"]
[Site "Vancouver, WA"]
[Date "2012.08.04"]
[Round "1"]
[White "Pinto, Mark (CA)"]
[Black "McAleer, James (WA)"]
[Result "0-1"]
[WhiteElo "2200"]
[BlackElo "1800"]
[PlyCount "132"]

1.e4 e6 2.d4 d5 3.e5 c5 4.c3 Nc6 5.Nf3 Qb6 6.a3 c4 7.Nbd2 Na5
8.Be2 Bd7 9.O-O Be7 10.Re1 O-O-O 11.Rb1 Nb3 {%08DA} 12.Nxb3 Ba4
13.Bg5 Bxb3 14.Qc1 h6 15.Be3 a5 16.Nd2 a4 17.f4 g6 18.g4 Re8
19.Bf3 Bd8 20.Bf2 Ne7 21.Bh1 g5 22.Bg3 gxf4 23.Bxf4 Ng6 24.Nxb3
Nxf4 25.Qxf4 Bg5 26.Qg3 axb3 27.h4 Be7 28.Kg2 Qd8 29.Kh3 Ref8
30.Re3 Rh7 31.Rf1 Kd7 32.Bg2 Kc8 33.Ref3 Kd7 34.Qf2 Qe8 35.Qg3
Qd8 36.R3f2 Kc8 37.Bf3 Kd7 38.Bg2 Kc8 39.Rf3 Kd7 40.h5 {? (White decides to break the holding pattern, but at the expense of weakening his position. Black now has the advantage.)}
Bg5 41.Rf6 Ke7 42.R6f2 Qd7 43.Re2 b5 44.Qe1 Rg7 45.Bf3 Qc6 46.Qg3
Qd7 47.Ref2 Qc6 48.Bg2 Qd7 49.Rf6 Qc6 50.Qf2 Rh7 51.Rg6 {%02 (After reacquiring an even position, White again avoids the draw by weakening his position.)}
Ke8 52.Rxg5 hxg5 53.Qf6 Rg8 54.Kg3 Qd7 55.Qf2 Rh6 56.Qe3 Qe7
57.Kh3 Kd7 58.Qf2 Rf8 59.Re1 f6 60.Qe3 f5 61.Bf3 fxg4+ 62.Bxg4
Qh7 63.Kg2 Rxh5 64.a4 Rh4 65.Bf3 Rxf3 66.Qxf3 Rh2+ 0-1

[Event "US Open"]
[Site "Vancouver, WA"]
[Date "2012.08.07"]
[Round "1"]
[White "Quan, Michael (WA)"]
[Black "Frumkin, Edward (NY)"]
[Result "1/2-1/2"]
[WhiteElo "1495"]
[BlackElo "2001"]
[PlyCount "53"]

1.e4 d6 2.d4 Nf6 3.Nc3 g6 4.Bf4 c6 5.Nf3 Qb6 6.Rb1 Bg7 7.Bc4
O-O 8.O-O Bg4 9.d5 Qb4 10.Bd3 cxd5 11.a3 Qc5 12.h3 Bxf3 13.Qxf3
dxe4 14.Nxe4 Qc7 15.c4 Nbd7 16.Rfc1 b6 17.Nxf6+ Bxf6 18.Qd5 Rac8
19.Be4 Bg7 20.b4 Nf6 21.Qd3 Nxe4 22.Qxe4 e5 23.Be3 f5 24.Qd5+
Kh8 25.f3 Bf6 26.c5 f4 27.cxd6 1/2-1/2

[Event "US Open"]
[Site "Vancouver, WA"]
[Date "2012.08.04"]
[Round "1"]
[White "Roland, Jeffrey (ID)"]
[Black "Rupel, David (WA)"]
[Result "1/2-1/2"]
[WhiteElo "1700"]
[BlackElo "2109"]
[PlyCount "116"]

1.e4 c5 2.Nf3 g6 3.Nc3 Bg7 4.d3 d6 5.g3 Nc6 6.Be3 Nf6 7.Bg2 Ng4
8.Bd2 Rb8 9.h3 Nge5 10.O-O Nxf3+ 11.Qxf3 b5 12.Rab1 Nd4 13.Qd1
O-O 14.f4 f5 15.Ne2 Be6 16.b3 Qd7 17.Kh2 b4 18.Nxd4 Bxd4 19.Qe1
a5 20.c3 Bg7 21.cxb4 axb4 22.Rc1 Qa7 23.Rc2 Rbc8 24.Qe2 Qd7 25.Re1
fxe4 26.dxe4 Rc7 27.Rd1 Rb8 28.e5 d5 29.Be3 d4 30.Rcd2 Qb5 31.Qxb5
Rxb5 32.Bf2 Ra5 33.Rc1 Rca7 34.Rcc2 Bf5 35.Rb2 Bc8 36.Rbc2 Bf5
37.Rb2 h5 38.Bf3 Bh6 39.h4 Bf8 40.Bd5+ Kg7 41.Kg2 Bc8 42.Kh2
Bb7 43.Bc4 Ba6 44.Be6 Bb5 45.Rbc2 Bd7 46.Bc4 e6 47.Bd3 Kf7 48.Bg1
Bb5 49.Be4 R5a6 50.Bf2 Rd7 51.Bd3 Bxd3 52.Rxd3 Rda7 53.Rdd2 Rd7
54.Rd3 Ra3 55.Rdd2 Be7 56.Rd3 Rda7 57.Rdd2 R7a6 58.Kg2 Ra7 {Black offers a draw.}
 1/2-1/2

[Event "US Open"]
[Site "Vancouver, WA"]
[Date "2012.08.04"]
[Round "1"]
[White "Sankrithi, Siva (WA)"]
[Black "Heywood, Bill (OR)"]
[Result "0-1"]
[WhiteElo "1510"]
[BlackElo "2000"]
[PlyCount "58"]

1.e4 e5 2.Nf3 Nc6 3.d4 exd4 4.Bc4 Nf6 5.e5 d5 6.Bb5 Ne4 7.Nxd4
Bd7 8.Bxc6 bxc6 9.O-O Bc5 10.Be3 O-O 11.f3 Ng5 12.f4 Ne6 13.g3
Nxd4 14.Bxd4 Bxd4+ 15.Qxd4 Bh3 16.Re1 Qd7 17.c4 Rab8 18.b3 Rfd8
19.cxd5 cxd5 20.Qxa7 d4 21.Nd2 Qc6 22.Re2 Ra8 23.Qxa8 Rxa8 24.Nc4
d3 25.Rd2 h5 26.Ne3 Rd8 27.Rad1 Qf3 28.Rxd3 Rxd3 29.Rxd3 Qe2 0-1

[Event "US Open"]
[Site "Vancouver, WA"]
[Date "2012.08.04"]
[Round "1"]
[White "Sinanan, Joshua (WA)"]
[Black "Banner, Richard (OR)"]
[Result "1-0"]
[WhiteElo "2227"]
[BlackElo "1800"]
[PlyCount "47"]

1.d4 d5 2.c4 e6 3.Nf3 Nf6 4.g3 c6 5.Bg2 Bb4+ 6.Bd2 Bxd2+ 7.Nbxd2
Nbd7 8.Qc2 O-O 9.O-O Qe7 10.e4 dxe4 11.Nxe4 Nxe4 12.Qxe4 Nf6
13.Qe2 Bd7 14.c5 Rfe8 15.Rfe1 Rad8 16.Rad1 Bc8 17.Ne5 Nd5 18.Nc4
Qc7 19.f4 b6 20.Nd6 Re7 21.Bxd5 cxd5 22.b4 Rdd7 23.Rc1 Bb7 24.Nxb7 1-0